Scientific papers /

Bibliographic Details
Main Author: Darwin, George Howard, Sir, 1845-1912
Other Authors: Darwin, Francis, Sir, 1848-1925, Brown, Ernest W. (Ernest William), 1866-1938, Stratton, Frederick John Marrian, 1881-, Jackson, J.
Format: Book
Language:English
Published: Cambridge : University press, 1907-16.
Subjects:

MARC

Tag First Indicator Second Indicator Subfields
LEADER 00000cam a2200000 4500
001 in00000041738
005 20151007064737.0
008 740308m19071916mau 00000 eng u
010 |a  08016429  
035 |a (OCoLC)00825366 
035 |9 AAE0507AM 
040 |c YNG  |d TXA  |d UtOrBLW 
049 |a TXAM  |v 1 [253563]  |v 2 [253564]  |v 3 [253565]  |v 4 [253566]  |v 5 [253567] 
050 0 |a QB3  |b .D22 
092 |a 520.8  |b D228s 
100 1 |a Darwin, George Howard,  |c Sir,  |d 1845-1912. 
245 1 0 |a Scientific papers /  |c by Sir George Howard Darwin... 
264 1 |a Cambridge :  |b University press,  |c 1907-16. 
300 |a 5 volumes :  |b frontispiece (portrait, volumes5) tables, diagrams ;  |c 27 cm. 
336 |a text  |b txt  |2 rdacontent 
337 |a unmediated  |b n  |2 rdamedia 
338 |a volume  |b nc  |2 rdacarrier 
505 0 |a 1. Oceanic tides and lunar disturbances of gravity. 1907.--2. Tidal friction and cosmogony. 1908.--3. Figures of equilibrium of rotating liquid and geophysical investigations. 1910.--4. Periodic orbits and miscellaneous papers. 1911.--5. Supplementary volume, containing biographical memoirs by Sir Francis Darwin and Professor E. W. Brown, lectures on Hill's lunar theory, etc. Ed, by F. J. M. Stratton...and J. Jackson. 1916. 
650 0 |a Astronomy. 
650 0 |a Celestial mechanics. 
700 1 |a Darwin, Francis,  |c Sir,  |d 1848-1925. 
700 1 |a Brown, Ernest W.  |q (Ernest William),  |d 1866-1938. 
700 1 |a Stratton, Frederick John Marrian,  |d 1881- 
700 1 |a Jackson, J. 
999 |a MARS 
999 f f |s d2ab3a63-38c5-35a4-bd03-c932df649a82  |i 2faee5c0-bab6-3771-a15a-a0bd32e9d71d  |t 0 
952 f f |p ric  |a Texas A&M University  |b Rellis Campus  |c Joint Library Facility  |d Remote Storage  |t 0  |e QB3 D22  |h Library of Congress classification  |i unmediated -- volume  |k v.2  |m A14800898549 
952 f f |p ric  |a Texas A&M University  |b Rellis Campus  |c Joint Library Facility  |d Remote Storage  |t 0  |e QB3 D22  |h Library of Congress classification  |i unmediated -- volume  |k v.4  |m A14800898565 
952 f f |p ric  |a Texas A&M University  |b Rellis Campus  |c Joint Library Facility  |d Remote Storage  |t 0  |e QB3 D22  |h Library of Congress classification  |i unmediated -- volume  |k v.1  |m A14800898531 
952 f f |p ric  |a Texas A&M University  |b Rellis Campus  |c Joint Library Facility  |d Remote Storage  |t 0  |e QB3 D22  |h Library of Congress classification  |i unmediated -- volume  |k v.3  |m A14800898557 
952 f f |p ric  |a Texas A&M University  |b Rellis Campus  |c Joint Library Facility  |d Remote Storage  |t 0  |e QB3 D22  |h Library of Congress classification  |i unmediated -- volume  |k v.5  |m A14800898573 
998 f f |a QB3 D22  |s v.1-v.5  |t 0  |l Remote Storage